Zarzadzanie logistyczna obsluga klienta

Gespeichert in:
Bibliographische Detailangaben
Weitere Verfasser: Dlugosz, Jan
Format: Buch
Sprache:Polnisch
Veröffentlicht: Poznan Wydawnictwo Akademii Ekonomicznej w Poznaniu 2005
Schriftenreihe:Zeszyty naukowe 61
Schlagworte:
Tags: Tag hinzufügen
Keine Tags, Fügen Sie das erste Tag hinzu!

MARC

LEADER 00000nam$a2200000$$$4500
001 0031294
005 20240104134213.8
020 |a 83-7417-075-1 
022 |a 1641-2168 
041 0 |a pol 
044 |a PL 
245 1 0 |a Zarzadzanie logistyczna obsluga klienta  |c Redaktor naukowy: Jan Dlugosz 
264 1 |a Poznan  |b Wydawnictwo Akademii Ekonomicznej w Poznaniu  |c 2005 
300 |a 145 s. 
490 1 |a Zeszyty naukowe  |v 61 
830 0 |a Zeszyty naukowe  |v 61 
610 2 0 |a obsluha 
610 2 0 |a klienti 
610 2 0 |a logistika 
610 2 0 |a riadenie 
610 2 0 |a stratégia podniková 
610 2 0 |a riadenie kvality 
610 2 0 |a produkcia 
610 2 0 |a doprava 
610 2 0 |a zasielateľstvá 
700 1 |a Dlugosz, Jan